Tajomstvo E-225

Bibliographic Details
Main Author: Joneš, Alois, 1929- (Author)
Other Authors: Heroldová, Jozefína, 1923- (Translator), Březina, Miroslav (Illustrator)
Format: Book
Language:Slovak
Czech
PhysicalDescription:124 s. 20 cm
Published: Praha Naše vojsko 1984
Series:Magnet
Subjects:

MARC

LEADER 00000cam a2200000 a 4500
001 vtls001218096
003 SK-MaSNL
005 20260301223641.0
008 251113s1984 xr r 0000f slo
020 |c 6,00 
035 |a SNK000161483 
040 |a SNK  |b slo  |c SNK  |e AACR2 
041 1 |a slo  |h cze 
044 |a xr  |c CZ 
072 7 |a 821.162.3  |x Česká literatúra  |2 konspekt 
080 |a 885.0-31=854  |2 1981 
080 |a 82-312.4  |2 1981 
100 1 |a Joneš, Alois,  |d 1929-  |4 aut  |9 451175 
240 1 0 |a Tajemství E-225  |l Slovensky 
245 1 |a Tajomstvo E-225  |c Alois Joneš ; [preložila Jozefa Heroldová] 
260 |a Praha  |b Naše vojsko  |c 1984  |e Č. Budějovice  |f Jihočeské tisk. 
300 |a 124 s.  |c 20 cm 
490 1 |a Magnet  |v 2/84 
655 7 |a české romány  |2 SNKPH  |9 70600 
655 7 |a detektívne romány  |2 SNKPH  |9 70455 
700 1 |a Heroldová, Jozefína,  |d 1923-  |4 trl  |9 203075 
700 1 |a Březina, Miroslav  |4 ill  |9 339408 
830 0 |a Magnet  |9 281726 
958 |a OND 
999 |c 944393  |d 946323 
952 |t P60, <04>, [BOOK], {604}  |a SNK  |b SNK  |y VYP  |7 0  |p 17A0006085  |o snkSC 87394 D1  |i snkK 724/96  |0 0  |1 0  |4 0  |d 1996-07-01  |l 0  |r 2005-01-01 00:00:00  |w 2026-02-24 
952 |t P60, <03>, [BOOK], {603}  |a SNK  |b SNK  |y PREZ  |7 0  |p 17A1015647  |o snkSC 87394  |i snkK 175/95  |0 0  |1 0  |4 0  |d 1996-07-01  |l 0  |r 2005-01-01 00:00:00  |w 2026-02-24